00882nam a2200241Ia 4500001000600000003000900006008004100015040001300056040001300069041001300082100002300095100002900118245006800147245008200215250001100297260001100308260001500319260004900334300005900383500013900442650002800581650003100609A8158IT-RoPAU130308s9999 xx 000 0 und d aIT-RoPAU cIT-RoPAU aITALIANO aSovernigo Giuseppe gCodice Aut. SPICS: 36384 aEfficacia della parola di Dio celebrata (L'). Aspetti personali bDall'Esegesi All'Ermeneutica Attraverso la Celebrazione-Bibbia e Liturgia (1) a1a ed. aPADOVA bMessaggero c1991 [1° Ed.:1991 - Ed.Ling.Originale:1991] a"10 p. (prefazione: no ; testo: 10 [pagine: 295-304])" aEfficacia e livelli di Ascolto della Parola. Luogo di Ascolto e Tipo di Personalità€. per un Ascolto Efficace della Parola Celebrata. aLITURGIA E DRAMMATURGIA eCodice materia Spics: 9162